Personnages mal décrits - Statistiques

Statistiques générales
  • Ce quiz a été pris 91 fois
  • Le résultat moyen est 8 sur 20
Statistiques - réponses
Hint Réponse % Correct
Une superhéroïne déguisée en coccinelle Marinette / Ladybug
76%
Un vieux barbu qui a dit que vous ne passerez pas Gandalf
73%
Ce type sera le roi des pirates Luffy
68%
Le meilleur ami de Carlito (Raphaël Carlier) lui a piqué son nom pour en faire son pseudonyme Marty McFly
68%
Une chatte qui s'appelle littéralement "Bonjour Minou" Hello Kitty
59%
Maman disait toujours... Forrest Gump
51%
Il va résoudre ce mystère, les indices après tout conduisent à lui mon chou Scooby-Doo
46%
Ses darons se sont transformés en porcs absolument immondes Chihiro
42%
Un héros rebelle qui s'est fait embrasser par sa propre sœur et il a kiffé Luke Skywalker
41%
Il est tellement nul dans son métier que c'est sa nièce qui fait tout Inspecteur Gadget
38%
Combien de ces fidèles compagnons Mario a t-il égoïstement sacrifiés... Yoshi
38%
Une princesse zoophile et tout le monde trouve ça normal Belle
32%
Une acrobate en short qui tire sur des dinosaures Lara Croft
22%
Au cas où vous ne vous reverriez pas, ce gars vous souhaite une bonne journée et une excellente nuit Truman Burbank
21%
Mystérieusement la seule immunisée à une terrible épidémie Ellie
17%
Une souris jaune qui s'appelle Jean-Luc mais en fait personne ne l'appelle comme ça Pikachu
15%
"Bonjour, Clarice." Hannibal Lecter
14%
Un méchant chauve en forme d'œuf Eggman / Dr Robotnik
12%
Une voiture bleue à trois roues est son ennemie jurée Mr. Bean
10%
Un semblant de raton-laveur qui te prend toute ta thune Tom Nook
10%
Aucun quiz correspondant
Distribution des résultats
% des personnes avec chaque résultat
Percentile par nombre de réponses
Votre historique - résultats
Vous n’avez pas pris ce quiz